Catálogo
 En Linea

Pequeña alcancía, grandes inversiones : (Registro nro. 60734)

Detalles MARC
000 -CABECERA
campo de control de longitud fija 01477nam a2200265 i 4500
003 - IDENTIFICADOR DEL NÚMERO DE CONTROL
campo de control DO-SdBNP
005 - FECHA Y HORA DE LA ÚLTIMA TRANSACCIÓN
campo de control 20260513153333.0
007 - CAMPO FIJO DE DESCRIPCIÓN FÍSICA--INFORMACIÓN GENERAL
campo de control de longitud fija ta
008 - DATOS DE LONGITUD FIJA--INFORMACIÓN GENERAL
campo de control de longitud fija 260513e2025 dr a|||gr|||||||| ||spa d
020 ## - NÚMERO INTERNACIONAL ESTÁNDAR DEL LIBRO
Número Internacional Estándar del Libro 9789945656626
040 ## - FUENTE DE LA CATALOGACIÓN
Centro catalogador/agencia de origen DO-SdBNP
Lengua de catalogación spa
Centro/agencia transcriptor BNPHU
Normas de descripción rda
041 ## - CÓDIGO DE LENGUA
Código de lengua del texto/banda sonora o título independiente spa
082 ## - NÚMERO DE LA CLASIFICACIÓN DECIMAL DEWEY
Número de documento/Ítem T233p 2025
100 ## - ENTRADA PRINCIPAL--NOMBRE DE PERSONA
Nombre de persona Taveras, Víctor Manuel
9 (RLIN) 89555
Término indicativo de función/relación autor
245 ## - MENCIÓN DE TÍTULO
Título Pequeña alcancía, grandes inversiones :
Resto del título cómo enseñar finanzas a tus hijos /
Mención de responsabilidad, etc. Víctor Manuel Taveras.
264 ## - PRODUCCIÓN, PUBLICACIÓN, DISTRIBUCIÓN, FABRICACIÓN Y COPYRIGHT
Producción, publicación, distribución, fabricación y copyright Santo Domingo, República Dominicana :
Nombre del de productor, editor, distribuidor, fabricante Editorial Santuario,
Fecha de producción, publicación, distribución, fabricación o copyright 2025.
300 ## - DESCRIPCIÓN FÍSICA
Extensión 227 páginas :
Otras características físicas ilustraciones ;
Dimensiones 23 x 15.5 cm.
336 ## - TIPO DE CONTENIDO
Término de tipo de contenido texto
Código de tipo de contenido txt
Fuente rdacontent
337 ## - TIPO DE MEDIO
Nombre/término del tipo de medio sin mediación
Código del tipo de medio n
Fuente rdamedia
338 ## - TIPO DE SOPORTE
Nombre/término del tipo de soporte volumen
Código del tipo de soporte nc
Fuente rdacarrier
520 ## - SUMARIO, ETC.
Sumario, etc. Quizá has escuchado hablar del protagonista de esta historia: Se trata de un joven atleta llamado Mike Tyson, lleno de talento, fuerza y sueños de grandeza, pero sin mucha idea de cómo funcionaba el dinero. Desde niño, Mike se visualizaba como campeón mundial, ¡y vaya si lo logró! Con el tiempo, llegó a ganar alrededor de 400 millones de dólares, conquistando los cuadriláteros del mundo. Pero en su infancia, nadie le enseñó a ahorrar, invertir, o planear para el futuro. Para él, el dinero parecía algo infinito, destinado solo para gastar. ¿No era acaso para eso que soñaba con ser campeón?
590 ## - NOTA LOCAL (RLIN)
Nota local Inventariado, 2026/WG.
900 ## - ELEMENTOS DE DATOS A LOCAL, LDA (RLIN)
Nombre de persona Inventariado, 2026/WG.
942 ## - ELEMENTOS DE PUNTO DE ACCESO ADICIONAL (KOHA)
Fuente del sistema de clasificación o colocación Dewey Decimal Classification
Tipo de ítem Koha Libro
Existencias
Estado de retiro Estado de pérdida Fuente del sistema de clasificación o colocación Restricciones de uso No para préstamo Código de colección Localización permanente Ubicación/localización actual Fecha de adquisición Total de préstamos Signatura topográfica completa Código de barras Fecha visto por última vez Precio válido a partir de Tipo de ítem Koha Número de copia
    Dewey Decimal Classification Excluido de préstamo   Patrimonio Dominicano Biblioteca Nacional Pedro Henríquez Ureña Biblioteca Nacional Pedro Henríquez Ureña 13.05.2026   T233p 2025 2026-3883 13.05.2026 13.05.2026 Libro  
    Dewey Decimal Classification Excluido de préstamo   Patrimonio Dominicano Biblioteca Nacional Pedro Henríquez Ureña Biblioteca Nacional Pedro Henríquez Ureña 13.05.2026   T233p 2025 2026-3880 13.05.2026 13.05.2026 Libro e.2
    Dewey Decimal Classification Excluido de préstamo   Patrimonio Dominicano Biblioteca Nacional Pedro Henríquez Ureña Biblioteca Nacional Pedro Henríquez Ureña 13.05.2026   T233p 2025 2026-3882 13.05.2026 13.05.2026 Libro e.3

Con tecnología Koha